Statistics for 2009-10 Inter Milan Winning Squad

Click here to take the quiz!

General Stats

  • This quiz has been taken 289 times
  • The average score is 9 of 12

Answer Stats

PositionNationalityPerson% Correct
Centre ForwardSamuel Eto'o
97%
CoachJosé Mourinho
94%
Left BackJavier Zanetti
90%
GoalkeeperJúlio César
89%
Attacking MidfielderWesley Sneijder
88%
Centre ForwardDiego Milito
87%
Right BackMaicon
82%
Central DefenderLúcio
74%
Central MidfielderEsteban Cambiasso
69%
Central MidfielderDejan Stanković
64%
Central DefenderWalter Samuel
59%
Central MidfielderThiago Motta
30%

Score Distribution

Percentile by Number Answered

Percent of People with Each Score

Your Score History

You have not taken this quiz